Másodszor Nyugaton Hazaérkezett az operatársulat : Jövőre: A szevillai borbély : Pál Tamás főzeneigazgató a turnéról /

Elmentve itt :
Bibliográfiai részletek
Szerző: Nikolényi István
Dokumentumtípus: Cikk
Megjelent: 1982-02-16
Sorozat:Délmagyarország 72 No. 39
Kulcsszavak:vendégszereplések
Online Access:http://dmarchiv.bibl.u-szeged.hu/120362
LEADER 00565nab a2200157 i 4500
001 delm120362
005 20190625090923.0
008 190625s1982 hu o 0|| hun d
040 |a SZTE Délmagyarország Archívum  |b hun 
041 |a hun 
100 1 |a Nikolényi István 
245 1 0 |a Másodszor Nyugaton   |h [elektronikus dokumentum] :  |b Hazaérkezett az operatársulat : Jövőre: A szevillai borbély : Pál Tamás főzeneigazgató a turnéról /  |c  Nikolényi István 
260 |c 1982-02-16 
300 |a 5 
490 0 |a Délmagyarország  |v 72 No. 39 
695 |a vendégszereplések